Zoe 1. Ciencias naturales

Guardado en:
Detalles Bibliográficos
Autor principal: Corral Gómez, Victor Ezquerra Martínez, Antonio García Vicente, Miguel A García y García, Alfredo Guerra Pardo, Antonio Herranz López, Jesús
Formato: Desconocido
Lenguaje:español
Publicado: Madrid Bruño 1991
Catálogo:MANES:  Resultados de Búsqueda del Catálogo
Clasificación de libros de texto:
Etiquetas: Agregar Etiqueta
Sin Etiquetas, Sea el primero en etiquetar este registro!
Añadido a:2016-04-26

MARC

LEADER 000000000a22000000004500
001 02791
003 OSt
008 160427s sp ||||| |||| 00| 0 spa d
040 |c centro_manes 
041 1 |a spa 
691 7 |a PRI 
100 1 |a Corral Gómez, Victor  |9 336  |a Ezquerra Martínez, Antonio  |9 345  |a García Vicente, Miguel A  |9 376  |a García y García, Alfredo  |9 377  |a Guerra Pardo, Antonio  |9 378  |a Herranz López, Jesús  |9 291 
245 0 0 |a Zoe 1. Ciencias naturales 
260 3 |a Madrid  |b Bruño  |c 1991 
300 |a 320 p.  |c 26x19 cm 
500 |a Fecha de publicación tomada del Depósito Legal 
690 7 |a CN 
942 |2 ddc  |c BK 
546 |a España 
999 |c 8765  |d 8765 
999 |c manes:8765  |d 8765